| 000 | 00719cam a2200193 a 4500 | ||
|---|---|---|---|
| 020 | _a0072932104 (alk. paper) | ||
| 020 | _a9780072932102 (alk. paper) | ||
| 082 | 0 | 0 |
_a651.7 _bLOC _cN-02,P-101 |
| 100 | 1 |
_aLocker, Kitty O. _936096 |
|
| 245 | 1 | 0 |
_aBusiness communication : _bbuilding critical skills / _cKitty O. Locker, Stephen Kyo Kaczmarek. |
| 250 | _a3rd ed. | ||
| 260 |
_aBoston, Mass. : _bMcGraw-Hill, _cc2007. |
||
| 300 |
_axxvi, 559 p. : _bill. ; _c28 cm. |
||
| 500 | _aVarious multi-media instructional resources are available to supplement the text. | ||
| 526 |
_a0 _b0 _c0 _d651_700000000000000_LOC |
||
| 650 | 0 |
_aBusiness communication. _929717 |
|
| 700 | 1 |
_aKaczmarek, Stephen Kyo. _936097 |
|
| 942 |
_2ddc _cBK |
||
| 999 |
_c554436 _d554436 |
||